000 00523nam a2200145Ia 4500
008 151213s9999 xx 000 0 und d
100 _aজুবাইদা গুলশান আরা
245 _aবাতাসে বারুদ
_cজুবাইদা গুলশান আরা
260 _aঢাকা
_bআমেনা আব্দুল্লাহ
_c1986
300 _a8711 p.
650 _aBangla
650 _aগল্প
700 _aজুবাইদা গুলশান আরা
999 _c4497
_d4497